Language Quiz

Random Language or French Quiz

French Vocab I (Religion) Quiz Stats

 Plays Quiz not verified by Sporcle

Challenge
Share
Tweet
Embed
Score 0/28 Timer 10:00
0 Plays Today
% Correct
le citoyen
81.8%
la foi
72.7%
le but
63.6%
l'espace
63.6%
la peur
63.6%
seul
63.6%
l'égalité
54.5%
la croyance
45.5%
la valeur
45.5%
la minorité
36.4%
le savoir
36.4%
le foulard
27.3%
minoritaire
27.3%
neutre
27.3%
% Correct
l'intégriste
18.2%
la kippa
18.2%
la laïcité
18.2%
par-dessus tout
18.2%
s'assimiler
18.2%
laïc
18.2%
réglementé
18.2%
au sein de
18.2%
contrairement à
18.2%
l'esprit
9.1%
la liberté de culte
9.1%
le port
9.1%
la terre d'accueil
9.1%
l'emporter sur
9.1%

You're not logged in!

Compare scores with friends on all Sporcle quizzes.
Join for Free
OR
Log In

You Might Also Like...

Show Comments

Extras

Top Quizzes Today


Score Distribution

Your Account Isn't Verified!

In order to create a playlist on Sporcle, you need to verify the email address you used during registration. Go to your Sporcle Settings to finish the process.

Report this User

Report this user for behavior that violates our Community Guidelines.

Details: